|
|
|
|
| LEADER |
02505nam a22004215i 4500 |
| 001 |
978-3-642-12586-7 |
| 003 |
DE-He213 |
| 005 |
20151204163829.0 |
| 007 |
cr nn 008mamaa |
| 008 |
101110s2011 gw | s |||| 0|eng d |
| 020 |
|
|
|a 9783642125867
|9 978-3-642-12586-7
|
| 024 |
7 |
|
|a 10.1007/978-3-642-12586-7
|2 doi
|
| 040 |
|
|
|d GrThAP
|
| 050 |
|
4 |
|a HB172
|
| 072 |
|
7 |
|a KCC
|2 bicssc
|
| 072 |
|
7 |
|a BUS044000
|2 bisacsh
|
| 082 |
0 |
4 |
|a 338.5
|2 23
|
| 100 |
1 |
|
|a von Stackelberg, Heinrich.
|e author.
|
| 245 |
1 |
0 |
|a Market Structure and Equilibrium
|h [electronic resource] /
|c by Heinrich von Stackelberg.
|
| 264 |
|
1 |
|a Berlin, Heidelberg :
|b Springer Berlin Heidelberg,
|c 2011.
|
| 300 |
|
|
|a XIV, 134 p.
|b online resource.
|
| 336 |
|
|
|a text
|b txt
|2 rdacontent
|
| 337 |
|
|
|a computer
|b c
|2 rdamedia
|
| 338 |
|
|
|a online resource
|b cr
|2 rdacarrier
|
| 347 |
|
|
|a text file
|b PDF
|2 rda
|
| 505 |
0 |
|
|a Comments on the Translation -- 1 Stating the Economic Problem and Basic Principles -- 2 General Analysis of Typical Market Structures -- 3 Analysis of the Relationship between Dual Markets and Multiple Markets -- 4 Dyopolistic Market Share Ranking -- 5 Landmark History of Economic Thought -- 6 Market Structure and Economic Policy -- Mathematical Appendix -- Bibliography.
|
| 520 |
|
|
|a In his book „Marktform und Gleichgewicht“, published initially in 1934, Heinrich von Stackelberg presented his groundbreaking leadership model of firm competition. In a work of great originality and richness, he described and analyzed a market situation in which the leader firm moves first and the follower firms then move sequentially. This game-theoretic model, now widely known as Stackelberg competition, has had tremendous impact on the theory of the firm and economic analysis in general, and has been applied to study decision-making in various fields of business. As the first translation of von Stackelberg’s book into English, this volume makes his classic work available in its original form to an English-speaking audience for the very first time.
|
| 650 |
|
0 |
|a Game theory.
|
| 650 |
|
0 |
|a Microeconomics.
|
| 650 |
1 |
4 |
|a Economics.
|
| 650 |
2 |
4 |
|a Microeconomics.
|
| 650 |
2 |
4 |
|a Game Theory, Economics, Social and Behav. Sciences.
|
| 710 |
2 |
|
|a SpringerLink (Online service)
|
| 773 |
0 |
|
|t Springer eBooks
|
| 776 |
0 |
8 |
|i Printed edition:
|z 9783642125850
|
| 856 |
4 |
0 |
|u http://dx.doi.org/10.1007/978-3-642-12586-7
|z Full Text via HEAL-Link
|
| 912 |
|
|
|a ZDB-2-SBE
|
| 950 |
|
|
|a Business and Economics (Springer-11643)
|